000 00312nam a22001337a 4500
008 170516b xxu||||| |||| 00| 0 eng d
020 _a2900078049964
041 _aeng
080 _a94(7/8)
100 _a16
101 _aSHH
245 _aTAKING SIDES UNITED SATES HISTORY
_cMADARAR.L
942 _2udc
_cBK
999 _c13383
_d13383